100 Biggest Cities in the Arabian Peninsula on a Map - Statistics

General Stats
  • This quiz has been taken 152 times
  • The average score is 18 of 100
Answers on the Map
Answers color-coded by a green-red scale on the quiz's map according to % correct below.
 
Answer Stats
Population City % Correct
4,205,961 Riyadh
95%
1,137,347 Dubai
94%
2,867,446 Jeddah
91%
1,323,624 Mecca
91%
797,000 Muscat
91%
1,937,451 Sanaa
91%
603,492 Abu Dhabi
89%
344,939 Doha
89%
60,064 Kuwait City
89%
1,300,000 Medina
88%
550,602 Aden
75%
768,602 Dammam
72%
543,733 Sharjah
53%
163,140 Salalah
38%
615,222 Ta`izz
33%
408,733 Al Ain
30%
115,949 Ras al-Khaimah
29%
530,848 Ta'if
29%
455,450 Tabuk
26%
226,172 Ajman
21%
210,886 Abha
19%
62,415 Al Fujayrah
19%
293,179 Al Hofuf
19%
267,005 Ha'il
18%
258,573 Najran
18%
617,871 Al Hudaydah
17%
391,336 Buraydah
17%
237,816 Seeb
17%
272,465 Ar Rayyan
16%
108,274 Sohar
16%
105,198 Jizan
15%
200,161 Yanbu
14%
234,837 Ibb
13%
258,132 Mukalla
13%
165,799 Khobar
11%
71,152 Sur
11%
237,274 Al Jubayl
10%
148,540 Arar
10%
387,553 Khamis Mushait
10%
72,076 Nizwa
10%
99,540 Dhahran
9%
54,857 Al Khafji
8%
271,642 Hafar Al-Batin
8%
88,419 Al Bahah
7%
101,640 `Ibri
7%
81,828 Qal`at Bishah
7%
51,870 Sa'dah
7%
128,332 Sakakah
7%
637,411 Al Ahmadi
6%
73,670 Al Buraymi
6%
98,259 Al Qatif
6%
81,728 Ar Rass
6%
160,114 Dhamar
6%
102,903 Qurayyat
6%
425,300 Al Kharj
5%
90,792 Amran
5%
164,212 Hawalli
5%
54,108 Sabya
5%
86,525 Al Farwaniyah
4%
54,338 Bahla'
4%
81,647 Barka'
4%
40,819 Turaif
4%
49,171 Abu `Arish
3%
45,525 Afif
3%
37,821 Al Bayda
3%
53,144 Az Zulfi
3%
159,487 Bawshar
3%
41,759 Rabigh
3%
45,876 Safwa
3%
40,019 Tubarjal
3%
54,474 Ad Dawadimi
2%
35,371 Ad Dilam
2%
50,223 Al Khaburah
2%
290,802 Al Mubarraz
2%
107,143 As Suwayq
2%
37,315 Ataq
2%
43,549 Hajjah
2%
36,203 Izki
2%
79,383 Rustaq
2%
139,163 Sabah as Salim
2%
89,327 Saham
2%
66,702 Sayhat
2%
48,009 Shinas
2%
85,371 Tarut
2%
52,590 Zabid
2%
68,290 Al Fahahil
1%
39,025 Al Manqaf
1%
60,870 Al Mithnab
1%
36,447 Ar Rabiyah
1%
52,068 Ar Riqqah
1%
58,135 Ar Rumaythiyah
1%
72,190 Ash Shafa
1%
147,649 As Salimiyah
1%
48,218 Bajil
1%
37,997 Dhi as Sufal
1%
40,945 Salwa
1%
69,404 Sayyan
1%
47,718 Sufalat Sama'il
1%
946,697 Sultanah
1%
44,411 Umm al Qaywayn
1%
No matching quizzes found
Score Distribution
Percent of People with Each Score
Percentile by Number Answered
Your Score History
You have not taken this quiz